000 00695nam a2200217Ia 4500
003 OSt
005 20220926045342.0
006 a|||||r|||| 00| 0
007 ta
008 220923b |||||||| |||| 00| 0 eng d
037 _cGeneral Book
040 _aRTL
_cRTL
_beng
041 _2eng
_aeng
082 _aX755:(Z,3), H9.34-1/UN
110 _aPhiliippine National Bank & Private Development Corporation of the Philippines
_9350116
245 0 _aSubsidiary loan agreement
260 _c1949
700 _aPhiliippine National Bank & Private Development Corporation of the Philippines
_9350117
942 _hX755:(Z,3), H9.34-1/UN
_cGB
_2CC
999 _c677414
_d677414